| 000 | 01091nam a2200301 i 4500 | ||
|---|---|---|---|
| 001 | 000044158 | ||
| 003 | DO-SdBNP | ||
| 005 | 20260211085941.0 | ||
| 007 | ta | ||
| 008 | 140602s 2009 dr 001 0 spa d | ||
| 020 | _a9789945454222 | ||
| 040 |
_aDO-SdBNP _bspa _cBNPHU _erda |
||
| 041 | _aspa | ||
| 082 | 4 |
_axxx _bxxx _222 |
|
| 100 | 1 |
_aDespradel Cabral, Alberto, _eautor _4aut. _972169 |
|
| 245 | 1 | 0 |
_a18 Cartas de juan Bosch a José Francisco Peña Gómez 1970-1972 / _cAlberto Despradel Cabral ; corrección, Odalís G. Pérez |
| 246 | 1 | 0 | _aDieciocho cartas de juan Bosch a José Francisco Peña Gómez 1970-1972 |
| 264 | 1 |
_aSanto Domingo : _bEditora Manatí, _c2009. |
|
| 300 |
_a525 páginas ; _c28 cm. |
||
| 336 |
_atexto _btxt _2rdacontent |
||
| 337 |
_asin mediación _bn _2rdamedia |
||
| 338 |
_avolumen _bnc _2rdacarrier |
||
| 500 | _aIncluye referencias bibliográficas, notas al pie de las páginas e índice | ||
| 504 | _aBiliografía : páginas 523 -525 | ||
| 590 | _aInventariado, 2024/BT | ||
| 700 | 1 |
_aPérez, Odalís G., _ecorrector _4corr. _984642 |
|
| 942 |
_2ddc _cLBS1 |
||
| 999 |
_c43647 _d43647 |
||